ბათუმის შოთა რუსთაველის სახელმწიფო უნივერსიტეტის ბიბლიოთეკა

Теория механизмов. (ბიბ.ჩანაწერი № 40394)

000 -LEADER
fixed length control field 00556nam a2200217Ia 4500
001 - CONTROL NUMBER
control field 7002
003 - CONTROL NUMBER IDENTIFIER
control field GE_BSU
008 - FIXED-LENGTH DATA ELEMENTS--GENERAL INFORMATION
fixed length control field 181216s||||||||xx |||||||||||||| ||und||
040 ## - CATALOGING SOURCE
Transcribing agency GE_BSU
080 ## - UNIVERSAL DECIMAL CLASSIFICATION NUMBER
Universal Decimal Classification number 621.01
100 ## - MAIN ENTRY--PERSONAL NAME
Personal name Артоболевский,И.И.
245 ## - TITLE STATEMENT
Title Теория механизмов.
245 ## - TITLE STATEMENT
Remainder of title Учебник.
245 ## - TITLE STATEMENT
Statement of responsibility, etc. Ред.В.А.Зиновьев.
260 ## - PUBLICATION, DISTRIBUTION, ETC.
Place of publication, distribution, etc. М.
260 ## - PUBLICATION, DISTRIBUTION, ETC.
Name of publisher, distributor, etc. Наука.
260 ## - PUBLICATION, DISTRIBUTION, ETC.
Date of publication, distribution, etc. 1965.
300 ## - PHYSICAL DESCRIPTION
Extent 776стр. с илл. 22см.
653 ## - INDEX TERM--UNCONTROLLED
Uncontrolled term Теория механизмов.
942 ## - ADDED ENTRY ELEMENTS (KOHA)
Koha item type წიგნი
ეგზემპლარები
Withdrawn status Lost status Damaged status Not for loan Date acquired Barcode Date last seen Price effective from Koha item type
        2018-12-17 9889 2018-12-17 2018-12-17 წიგნი